000 00453cam a2200145 4500500
005 20260111102008.0
041 _afre
042 _adc
100 1 0 _aCapul, Maurice
_eauthor
245 0 0 _aUne maison d'enfants pendant la guerre 1939-1945 : Moissac
260 _c2005.
500 _a51
786 0 _nEmpan | 57 | 1 | 2005-03-01 | p. 20-27 | 1152-3336
856 4 1 _uhttps://shs.cairn.info/revue-empan-2005-1-page-20?lang=fr&redirect-ssocas=7080
999 _c1629739
_d1629739